| 000 -LEADER |
| fixed length control field |
01115nam a22001937a 4500 |
| 020 ## - INTERNATIONAL STANDARD BOOK NUMBER |
| ISBN |
9780674293663 (ebk) |
| 082 ## - DEWEY DECIMAL CLASSIFICATION NUMBER |
| Classification number |
364.973 |
| Item number |
Sk628c 2025 |
| 100 ## - MAIN ENTRY--AUTHOR NAME |
| Personal name |
Sklansky, David A., author. |
| 245 ## - TITLE STATEMENT |
| Title |
Criminal justice in divided America : police, punishment, and the future of our democracy / David A. Sklansky. |
| 260 ## - PUBLICATION, DISTRIBUTION, ETC. (IMPRINT) |
| Place of publication |
Cambridge : |
| Name of publisher |
Harvard University Press, |
| Year of publication |
2025. |
| 300 ## - PHYSICAL DESCRIPTION |
| Number of Pages |
1 online resource, [218] pages. |
| 500 ## - GENERAL NOTE |
| General note |
Includes bibliographical references and index. |
| 505 ## - FORMATTED CONTENTS NOTE |
| Formatted contents note |
Police -- Prosecution -- Adjudication -- Punishment. |
| 520 ## - SUMMARY, ETC. |
| Summary, etc |
The crises of American democracy and criminal justice are intimately connected. David A. Sklansky shows how police, courts, and prisons helped to break American democracy and can be reformed to empower equitable self-governance. Seeking durable change, Sklansky urges pragmatic proposals rooted in a strong commitment to pluralism. |
| 650 ## - SUBJECT ADDED ENTRY--TOPICAL TERM |
| Topical Term |
Criminal justice, Administration of—United States |
| 650 ## - SUBJECT ADDED ENTRY--TOPICAL TERM |
| Topical Term |
United States—Politics and government—1945-1989– |
| 650 ## - SUBJECT ADDED ENTRY--TOPICAL TERM |
| Topical Term |
United States—Politics and government—1989 |
| 942 ## - ADDED ENTRY ELEMENTS (KOHA) |
| Koha item type |
Electronic Books |